000 00795nam a2200265Ia 4500
001 Para_1683
003 CHAP
008 220125s1993 xx 000 0 und d
010 _a200301
040 _cCHAP
090 _aPA FOLLETO 3476
110 _aMéxico. Secretaría de Agricultura y Recursos Hidraúlicos
_976864
245 _aAnálisis y medición de riesgo de plagas. Listado de plagas cuarentenadas por México /
_c por SARH
260 _aMéxico, DF. :
_b La Secretaría
300 _a38 p.
650 _aAgricultura
_x plagas
_91764
650 _aPlantas
_x cuarentena
_988811
901 _aPA FOLLETO 3476
902 _aA
905 _a0000001993 0000000000 00
910 _a1993
942 _cPARA
942 _cPARA
_d1
999 _c200301
_d200301